The importance of enzyme histochemical methods in judgement of the regional effects of experimental brain lesions

Elmentve itt :
Bibliográfiai részletek
Szerzők: Skaliczki József
Sztriha László
Bara Dénes
Testületi szerző: Congress of the European Society of Pathology (4.) (1973) (Budapest)
Dokumentumtípus: Cikk
Megjelent: 1973
Sorozat:Kolligátum
Kulcsszavak:Hisztokémia - módszer - előadáskivonat, Enzimek - előadáskivonat, Agy - előadáskivonat
Online Access:http://misc.bibl.u-szeged.hu/28145
LEADER 00840nab a2200205 i 4500
001 misc28145
005 20191111110319.0
008 170926s1973 hu o 0|| zxx d
040 |a SZTE Miscellanea Repozitórium  |b hun 
041 |a zxx 
100 1 |a Skaliczki József 
245 1 4 |a The importance of enzyme histochemical methods in judgement of the regional effects of experimental brain lesions  |h [elektronikus dokumentum] /  |c  Skaliczki József 
260 |c 1973 
300 |a 93 
490 0 |a Kolligátum 
695 |a Hisztokémia - módszer - előadáskivonat, Enzimek - előadáskivonat, Agy - előadáskivonat 
700 0 1 |a Sztriha László  |e aut 
700 0 1 |a Bara Dénes  |e aut 
710 |a Congress of the European Society of Pathology (4.) (1973) (Budapest) 
856 4 0 |u http://misc.bibl.u-szeged.hu/28145/1/019_025_93.pdf  |z Dokumentum-elérés